Statistics for Top 13 Kobe teamates

Click here to take the quiz!

General Stats

  • This quiz has been taken 5,011 times
  • The average score is 2 of 12

Answer Stats

Hint Answer % Correct
1.Shaq
99%
2.Pau Gasol
38%
5.Derek Fisher
23%
6.Robert Horry
13%
7.Rick Fox
12%
9.Metta World Peace
12%
12.Karl Malone
10%
8.Eddie Jones
5%
10.Nick Van Exel
5%
3.Lamar Odem
3%
11.Gary Payon
1%
4.Andew Bynam
0%

Score Distribution

Percentile by Number Answered

Percent of People with Each Score

Your Score History

You have not taken this quiz